00418nam a22001577a 450000500170000001000150001702000260003203500140005803700130007208200080008510000210009324500410011426000430015527000430019830000190024120190603170926.0 aENG-125465 a9789350451793c250.00 aEN-108997 bDBAD/PUB a881 aMaya Sosha Anand aMaya_illusion /cby Maya Sosha Anand aCalcutta bWriters Workshop Bookc2018 a162/92, Lake Garden,bCulcuttae700045 a57p.c22cm(Hb)